| 000 | 00364nam a2200133Ia 4500 | ||
|---|---|---|---|
| 005 | 20251222144656.0 | ||
| 008 | 251222s9999||||xx |||||||||||||| ||spa|| | ||
| 082 | _a371.335/A59 | ||
| 100 | _aAnder-Egg, Ezequiel | ||
| 245 | 0 | _aLos Medios de Comunicación al Servicio de la Educación | |
| 250 | _a2a.ed. | ||
| 264 | _bMagisterio del Rio de la Plata | ||
| 942 | _cLIB | ||
| 999 |
_c17272 _d17272 |
||